Diego Delgado: “Ahora el presidente Correa tiene un bajísimo nivel de credibilidad” (Registro nro. 33701)
[ vista simple ]
| 000 -CABECERA | |
|---|---|
| Campo de control interno | 01454nam a22001817a 4500 |
| 005 - FECHA Y HORA DE LA CATALOGACION | |
| Campo de control | 20160412092459.0 |
| 008 - ELEMENTOS DE LONGITUD FIJA - INFORMACION | |
| Elementos de Longitud Fija - Informaci | 160412b xxu||||| |||| 00| 0 eng d |
| 040 ## - ORIGEN DE LA CATALOGACION | |
| Origen de la Catalogación | ANE |
| 041 ## - CODIGO DE LENGUAJE | |
| Código de lenguaje del texto | Es |
| 082 ## - NUMERO DE CLASIFICACION DECIMAL DEWEY | |
| 1ra. Clasificación | TV-2350 |
| 100 ## - ENTREVISTADO | |
| Entrevistado | Salgado, Diego |
| Rol del entrevistado | asambleísta por Creo |
| 245 ## - TÍTULO GENERAL | |
| Título | Diego Delgado: “Ahora el presidente Correa tiene un bajísimo nivel de credibilidad” |
| 260 ## - EDITORIAL | |
| Ciudad | Quito |
| Televisora que emite el programa | Telerama |
| Fecha del Programa | 2016-04-11 |
| 300 ## - DESCRIPCION | |
| Duración en minutos, horas (del programa) | p. |
| 520 ## - RESUMEN | |
| Resumen | Diego Salgado, asambleísta por Creo, comentó sobre varios temas de coyuntura política. En cuanto a las reformas tributarias, Salgado comentó que ya desde el inicio él y su movimiento se han mostrado contrarios a la subida de impuestos de cualquier producto que la población use. Mientras que aseguró que el uso del dinero electrónico debe ser respaldado principalmente por la credibilidad del Gobierno, “y ahora el presidente Correa, que ya se va, tiene un bajísimo nivel de credibilidad”, sentenció y argumentó que por lo tanto no es el mejor momento para implementar otra moneda. |
| 650 ## - DESCRIPTORES - TEMAS | |
| Temas - Descriptores | credibilidad/Asamblea Nacional/movimiento CREO/Comisión de lo Económico y Tributario/Gobierno Nacional/Servicio de Rentas Internas (SRI)/Banco Central del Ecuador/coyuntura política/reformas tributarias/contrarios/Subida de impuestos/cualquier producto que la población use/uso del dinero electrónico/credibilidad del Gobierno/ bajísimo nivel de credibilidad/ |
| 942 ## - ELEMENTOS DE KOHA | |
| Esquema de Clasificaci | |
| Tipo de Documento | Material Multimedia (radio y televisión) |
| Catalogador | IES. |
| Withdrawn status | Lost status | Fuente de Clasificaci | Damaged status | Not for loan | Ubicaci | Biblioteca | Fecha de Adquisición | Signatura Topogr | Código de barras | Date last seen | Price effective from | Tipo de Item |
|---|---|---|---|---|---|---|---|---|---|---|---|---|
| Biblioteca Asamblea Nacional | Biblioteca Asamblea Nacional | 2016-04-12 | TV-2350 | TV-2350 | 2016-04-12 | 2016-04-12 | Material Multimedia (radio y televisión) |